<?xml version="1.0" encoding="UTF-8"?>
<record
    xmlns:xsi="http://www.w3.org/2001/XMLSchema-instance"
    xsi:schemaLocation="http://www.loc.gov/MARC21/slim http://www.loc.gov/standards/marcxml/schema/MARC21slim.xsd"
    xmlns="http://www.loc.gov/MARC21/slim">

  <leader>00801nam a22001817a 4500</leader>
  <controlfield tag="005">20230911172802.0</controlfield>
  <datafield tag="010" ind1=" " ind2=" ">
    <subfield code="a">HIN-125889</subfield>
  </datafield>
  <datafield tag="020" ind1=" " ind2=" ">
    <subfield code="a">9789383772650</subfield>
    <subfield code="c">520.00</subfield>
  </datafield>
  <datafield tag="035" ind1=" " ind2=" ">
    <subfield code="a">HN-98235</subfield>
  </datafield>
  <datafield tag="082" ind1=" " ind2=" ">
    <subfield code="a">821.08</subfield>
  </datafield>
  <datafield tag="100" ind1=" " ind2=" ">
    <subfield code="a">&#x92A;&#x930;&#x92E;&#x93E;&#x930;, &#x909;&#x92E;&#x93E;&#x936;&#x902;&#x915;&#x930; &#x938;&#x93F;&#x902;&#x939; </subfield>
    <subfield code="9">56254</subfield>
  </datafield>
  <datafield tag="245" ind1=" " ind2=" ">
    <subfield code="a">&#x938;&#x92E;&#x92F; &#x915;&#x947; &#x92C;&#x940;&#x91C;&#x936;&#x92C;&#x94D;&#x926; ; &#x915;&#x935;&#x93F;&#x924;&#x93E; &#x906;&#x91C;  /</subfield>
    <subfield code="c">&#x909;&#x92E;&#x93E;&#x936;&#x902;&#x915;&#x930; &#x938;&#x93F;&#x902;&#x939; &#x92A;&#x930;&#x92E;&#x93E;&#x930;</subfield>
  </datafield>
  <datafield tag="260" ind1=" " ind2=" ">
    <subfield code="b">&#x92A;&#x94D;&#x930;&#x924;&#x93F;&#x936;&#x94D;&#x930;&#x941;&#x924;&#x93F; &#x92A;&#x94D;&#x930;&#x915;&#x93E;&#x936;&#x928; </subfield>
    <subfield code="c">2018</subfield>
    <subfield code="a">&#x915;&#x94B;&#x932;&#x915;&#x93E;&#x924;&#x93E; </subfield>
  </datafield>
  <datafield tag="270" ind1=" " ind2=" ">
    <subfield code="a">7 &#x90F; &#x92C;&#x947;&#x902;&#x91F;&#x93F;&#x915; &#x938;&#x94D;&#x91F;&#x94D;&#x930;&#x940;&#x91F; </subfield>
    <subfield code="b">&#x915;&#x94B;&#x932;&#x915;&#x93E;&#x924;&#x93E; </subfield>
    <subfield code="e">700001</subfield>
  </datafield>
  <datafield tag="300" ind1=" " ind2=" ">
    <subfield code="a">199 &#x92A;&#x943;.</subfield>
    <subfield code="c">22  &#x938;&#x947;&#x92E;&#x940;.(&#x938;&#x91C;&#x93F;&#x932;&#x94D;&#x926;)</subfield>
  </datafield>
  <datafield tag="700" ind1=" " ind2=" ">
    <subfield code="a">&#x906;&#x917;&#x94D;&#x930;&#x935;&#x93E;&#x932;,&#x926;&#x940;&#x92A;&#x915;</subfield>
    <subfield code="9">55805</subfield>
  </datafield>
  <datafield tag="942" ind1=" " ind2=" ">
    <subfield code="2">ddc</subfield>
    <subfield code="c">HN</subfield>
    <subfield code="h">821.08</subfield>
    <subfield code="m">&#x92A;&#x930;&#x92E;&#x93E;</subfield>
  </datafield>
  <datafield tag="999" ind1=" " ind2=" ">
    <subfield code="c">197992</subfield>
    <subfield code="d">197992</subfield>
  </datafield>
  <datafield tag="952" ind1=" " ind2=" ">
    <subfield code="0">0</subfield>
    <subfield code="1">0</subfield>
    <subfield code="4">0</subfield>
    <subfield code="7">0</subfield>
    <subfield code="8">NFIC</subfield>
    <subfield code="a">M</subfield>
    <subfield code="b">M</subfield>
    <subfield code="d">2023-09-11</subfield>
    <subfield code="e">DBAD/PUB</subfield>
    <subfield code="g">520.00</subfield>
    <subfield code="l">0</subfield>
    <subfield code="o">821.08 &#x92A;&#x930;&#x92E;&#x93E;</subfield>
    <subfield code="p">HN-98235</subfield>
    <subfield code="r">2023-09-11 00:00:00</subfield>
    <subfield code="t">1</subfield>
    <subfield code="v">520.00</subfield>
    <subfield code="w">2023-09-11</subfield>
    <subfield code="y">HN</subfield>
  </datafield>
</record>
